Sobre la música /
Kaydedildi:
| Yazar: | |
|---|---|
| Diğer Yazarlar: | |
| Materyal Türü: | Kitap |
| Dil: | İspanyolca |
| Baskı/Yayın Bilgisi: |
Madrid, España :
Casimiro,
2016, c2016
|
| Seri Bilgileri: | (Música Casimiro)
|
| Konular: | |
| Etiketler: |
Etiket eklenmemiş, İlk siz ekleyin!
|
MARC
| LEADER | 00000nam^a2200000^a^4500 | ||
|---|---|---|---|
| 001 | 000399926 | ||
| 005 | 20250521000000.0 | ||
| 009 | 20260310121606.427 | ||
| 020 | |a 978-84-15715-81-6 | ||
| 037 | |a Acervo ITESO - Biblioteca | ||
| 041 | |a ESP | ||
| 082 | |a 141. |b SCH OBR MUS | ||
| 100 | |a Schopenhauer, Arthur |e (autor) | ||
| 245 | 1 | 0 | |a Sobre la música / |c A. Schopenhauer ; ed. y pról. de A. Hernández Mateos. |
| 264 | 4 | |a Madrid, España : |b Casimiro, |c 2016, c2016 | |
| 300 | |a 90 p. | ||
| 336 | |a texto |b txt |2 rdacontenido | ||
| 337 | |a sin mediación |b n |2 rdamedio | ||
| 338 | |a volumen |b nc |2 rdasoporte | ||
| 440 | 1 | |a (Música Casimiro) | |
| 521 | |a FIL 2017 EEnlace Desarrollo Educativo | ||
| 545 | 0 | |a Arthur Schopenhauer (1788-1860), filósofo alemán, hijo de una familia acomodada, su educación es orientada al comercio como su padre, pero es interrumpida a la muerte de éste; ante este evento se distancia de su madre, a quien al parecer culpa por el probable suicidio de su progenitor, y reorienta su vocación. Su pensamiento está adscrito a la filosofía pesimista e irracionalista y es creador de la doctrina denominada voluntarismo, en el que sostiene la primacía de la voluntad y de los aspectos morales sobre la inteligencia y las capacidades racionales; esta voluntad no solo es subjetiva sino es la realidad en sí del mundo y fundamento mismo del principio de razón suficiente. Su pensamiento, influenciado por el platonismo, kantismo, hinduismo y budismo, manifiesta una actitud crítica ante el hegelianismo. Entre sus obras principales se encuentran La cuádruple raíz del principio de razón suficiente (1813), El mundo como voluntad y como representación (1818) y Parerga y paralipomena (1851). | |
| 649 | |a XX | ||
| 650 | |a Voluntarismo - |x Tema Principal | ||
| 650 | |a Pesimismo | ||
| 650 | |a Irracionalismo | ||
| 650 | |a Metafísica | ||
| 650 | |a Estética | ||
| 650 | |a Filosofía del Siglo XIX | ||
| 650 | |a Musicología | ||
| 650 | |a Música - |x Teoría - |x Tema Principal | ||
| 700 | |a Hernández Mateos, Alberto |e (edición) | ||
| 910 | |a Fondo General | ||
| 920 | |a Impresos - Libros | ||
| 930 | |a Colección General | ||
| 905 | |a 101 | ||
| 901 | |a 0500295135 |b IT1 |c ACC |i c158368 |u 20250521 | ||
| 902 | |a https://opac.biblio.iteso.mx/vufind/Record/000399926 | ||